London Underground Central Line Stations - Statistics

General Stats
  • This quiz has been taken 66 times
  • The average score is 34 of 49
Answers on the Map
Answers color-coded by a green-red scale on the quiz's map according to % correct below.
 
Answer Stats
Answer % Correct
Liverpool Street
92%
Epping
88%
Chancery Lane
83%
East Acton
83%
Leyton
83%
Leytonstone
83%
Shepherd's Bush
83%
Tottenham Court Road
83%
West Acton
83%
West Ruislip
83%
Bond Street
79%
Marble Arch
79%
North Acton
79%
Oxford Circus
79%
Ruislip Gardens
79%
South Ruislip
79%
White City
79%
Bank
75%
Lancaster Gate
75%
South Woodford
75%
Bethnal Green
71%
Grange Hill
71%
Hainault
71%
Hanger Lane
71%
Holborn
71%
Mile End
71%
Stratford
71%
Woodford
71%
Ealing Broadway
67%
Notting Hill Gate
67%
St Paul's
67%
Gants Hill
63%
Loughton
63%
Northolt
63%
Perivale
63%
Queensway
63%
Theydon Bois
63%
Newbury Park
58%
Redbridge
58%
Chigwell
54%
Debden
54%
Fairlop
54%
Greenford
54%
Holland Park
54%
Roding Valley
50%
Barkingside
46%
Wanstead
46%
Snaresbrook
42%
Buckhurst Hill
38%
No matching quizzes found
Score Distribution
Percent of People with Each Score
Percentile by Number Answered
Your Score History
You have not taken this quiz